000 00474cam a2200181ua 4500
020 _c1.25
041 _amal
_h
082 _a894.812301
_bDIV/VI
100 _aDivakaran, Kattakkada .
245 _aVivahithare sookshikkuka ! /
_cKattakkada Divakaran.
_hTextual Documents
250 _a1 /
_b.
260 _aQuilon :
_bSree Rama Vilasam Press & Book Depot ,
_c1966.
300 _a106 ; .
365 _a1.25
504 _a
942 _cBK
999 _c12624
_d12624